000 00588nam a2200205Ii 4500
001 6937
003 CO-ViMGA
008 241108s9999||||xx |||||||||||||| ||und||
040 _aCO-ViMGA
_bspa
_erda
_cCO-ViMGA
041 0 _aunk
082 0 4 _a882.2-S687a
100 1 _aSófocles
_93710
245 1 0 _aAyax, Antígona, Edipo rey
264 1 _a[Lugar de publicación no identificado] : Salvat, 1969
300 _avolumen
336 _atext
_btxt
_2rdacontent
337 _aunmediated
_bn
_2rdamedia
338 _avolume
_bnc
_2rdacarrier
940 _aidficha_siabuc: 6779. -- ficha_no_siabuc:6937
999 _c55301
_d55301